Click the Brand New Song Title Ending - Statistics

General Stats
  • This quiz has been taken 88 times
  • The average score is 14 of 20
Answer Stats
Hint Answer % Correct
Welcome to Bangkok
93%
Seventy Times 7
92%
The Quiet Things That No One Ever Knows
90%
Jesus Christ
89%
Good to Know That If I Ever Need Attention All I Have to Do is Die
89%
Me Vs. Maradona Vs. Elvis
84%
The Archers' Bows Have Broken
79%
Okay I Believe You But My Tommy Gun Don't
79%
You Won't Know
77%
The Shower Scene
71%
In a Jar
70%
Sowing Season
68%
The Boy Who Blocked His Own Shot
66%
Bought a Bride
62%
Jaws Theme Swimming
62%
Soco Amaretto Lime
56%
Sic Transit Gloria... Glory Fades
51%
Play Crack the Sky
44%
Not the Sun
41%
I Will Play My Game Beneath the Spin Light
38%
No matching quizzes found
Score Distribution
Percent of People with Each Score
Percentile by Number Answered
Your Score History
You have not taken this quiz